000 00634nam a2200241Ia 4500
005 20250425162000.0
008 250425s9999 xx 000 0 und d
020 _a9686223878
041 _aspa
082 _a621.38131
100 _aBALCELLS, JOSEP
245 0 _aINTERFERENCIAS ELECTROMAGNETICAS EN SISTEMAS ELECTRONICOS
250 _a1A ED.
260 _aBARCELONA
260 _aEspaƱa
_bMARCOMBO : ALFAOMEGA
_c1992
300 _a420
650 _aACOPLAMIENTO ELECTRICO
650 _aBLINDAJES
650 _aDESCARGAS ELECTROSTATICAS
650 _aINTERFERENCIA ELECTROMAGNETICA
942 _c01
010 _a38665
999 _c220103
_d220103